İşgal ve direniş (Record no. 13154)

MARC details
000 -BAŞLIK
Sabit Uzunlukta Kontrol Alanı 00869na a2200301 4500
999 ## - SİSTEM KONTROL NUMARALARI (KOHA)
Koha Biblionumber 13154
Koha Biblioitemnumber 13154
001 - KONTROL NUMARASI
Denetim Alanı 16954
003 - KONTROL NUMARASI IDENTIFIER
Denetim Alanı MIRAKIL
005 - SON İŞLEM TARİHİ VE ZAMANI
Denetim Alanı 20190416114654.0
008 - SABİT-BOY VERİ ELEMANLARI - GENEL BİLGİLER
Sabit Uzunlukta Kontrol Alanı 161018b tu 000 0
020 ## - ULUSLARARASI STANDART KİTAP NUMARASI
Uluslararası Standart Kitap Numarası 9789756613221
035 ## - SİSTEM KONTROL NUMARASI
Sistem Kontrol Numarası 16954
040 ## - KATALOGLAMA KAYNAK
Orijinal Kataloglama Ajansı Milas
Kataloglama Dili tur
Metne Dönüştürmek Ajansı TR-AnCHP
041 ## - DİL KODU
Metin / Ses Parça Veya Ayrı Başlığın Dil Kodu tur
082 ## - DEWEY ONLU SINIFLANDIRMA NUMARASI
Sınıflandırma Numarası 320.09561
Ürün Numarası C38i 2007
090 ## - SINIFLAMA NUMARASI
Sınıflama Numarası 320.09561 C38i 2007
100 ## - ANA GİRİŞ - KİŞİSEL İSİM
Kişisel Ad Cevizoğlu, Hulki
245 ## - BAŞLIK TABLOSU
Başlık İşgal ve direniş
Başlığın Kalan 1919 ve bugün
Sorumluluk Tablosu, Vb Hulki Cevizoğlu
260 ## - YAYIN, DAĞITIM, VB
Yayın, Dağıtım, Vb Yeri Ankara
Yayıncı, Dağıtıcı, Vs Adı Işık Yayıncılık
Yayın, Dağıtım, Vb Tarihi 2007
300 ## - FİZİKSEL TANIM
Kapsam 331 s.
Diğer Fiziksel Ayrıntıları res.
Boyutlar 24 sm.
440 ## - SERİSİ TABLOSU / KATMA GİRİŞİ - BAŞLIK
Başlık Ceviz Kabuğu Yayınları
Hacim / Ardışık Tanımı 21
490 ## - SERİSİ TABLOSU
Seri Beyanı Araştırma-İnceleme Dizisi
Hacim / Ardışık Tanımı 21
504 ## - KAYNAKÇA VB NOT
Kaynakça Vb Notu Kaynakça var.
650 ## - KONU KATMA GİRİŞ - TOPİKAL DÖNEM
Topikal Süreli Veya Coğrafi Ad Giriş Elemanı Siyaset ve yönetim
Genel Alt Bölümü İktidar eleştirisi
Kronolojik Alt Bölümü Çatışmalar
651 ## - KONU KATMA GİRİŞ - COĞRAFİ ADI
Coğrafi İsim Türkiye
Genel Alt Bölümü Siyasal tarih
Coğrafi Alt Bölümü İşgaller
942 ## - EKLENDİ GİRİŞ ELEMANLARI (KOHA)
Sınıflandırma Veya Raf Düzeni Kaynak Dewey Decimal Classification
Koha Öğesi Türü Books
999 ## - SİSTEM KONTROL NUMARALARI (KOHA)
Koha Biblioitemnumber 13154
999 ## - SİSTEM KONTROL NUMARALARI (KOHA)
Koha Biblioitemnumber 8279
Holdings
Kalıcı Konum Mevcut Konum Edinme Tarihi Toplam Check-Out'Lar Tam Çağrı Numarası Barkod Tarih Son Görülme İtibaren Geçerli Fiyatlar Koha Öğesi Türü
Parti Okulu Kütüphanesi Parti Okulu Kütüphanesi 04/16/2019   320.09561 C38i 2007 P00503 04/16/2019 04/16/2019 Books